000 00797cam a2200241 a 4500
001 000004606
005 20200929151453.0
008 790517s1992 sp 001 0 spa
020 _a8477583129
040 _aDO-SdBNP
_bspa
_cBNPHU
082 _a832.6
_bG599f
100 1 _aGoethe, Johann Wolfgang von,
_d1749-1832
_913439
245 1 0 _aFausto /
_cJohann Wolfgang Goethe ; prólogo de M. F. Poza.
260 _aMadrid :
_bClub Internacional del Libro,
_c1992.
300 _a317 p. ;
_c19 cm.
490 1 _aGrandes genios de la literatura universal
_v11
650 4 _aTeatro alemán
_912996
650 4 _aLiteratura alemana
_93274
700 1 _aPoza, M. F.,
_epról.
_913440
830 0 _aGrandes genios de la literatura universal ;
_v11
_97077
910 _aCatalogación derivada
910 _aWM
999 _c4414
_d4414